| 000 | 00671nam a2200229 a 4500 | ||
|---|---|---|---|
| 001 | BRCA_5664 | ||
| 005 | 20190320205155.0 | ||
| 008 | 220211s1927----fr-a######---#000-0#fre-# | ||
| 041 | _afre | ||
| 044 | _afr | ||
| 050 | 4 |
_aNK1860 _b.G73 2 1927 |
|
| 245 | 1 | 0 | _aLe style Louis XIV. |
| 260 |
_aParís _bFlammarion _c1927 |
||
| 300 |
_a63 p. (v.7) _bil., 16 láminas _c22 cm. |
||
| 440 | 0 |
_aLa grammaire des styles _v7 _914391 |
|
| 500 | _aVer también F134 (v.6), F136 (v.8), F137 (v.16), F138 (v.5) y F139 (v.4). | ||
| 500 | _aF135 | ||
| 650 | 1 | 4 |
_aDecoración y ornamentación _zFrancia _914392 |
| 700 | 1 |
_aMartin, Henry _eed. _914393 |
|
| 902 | _aGFM | ||
| 942 |
_2lcc _cB |
||
| 999 |
_c5357 _d5357 |
||